Một số vấn đề về tính ổn định và bị chặn của nghiệm phương trình vi phân tuyến tính trong không gian banach Luận văn thạc sĩ toán học. Chuyên ngành: Toán giải tích. Mã số: 60.46.01

Đã lưu trong:
Bibliografiske detaljer
Hovedforfatter: Đặng, Văn Nâu
Andre forfattere: Phan, Ngọc Bội (Hướng dẫn)
Format: Luận văn Pakke Bog
Sprog:Vietnamese
Udgivet: Vinh Đại học Vinh 2008
Fag:
Tags: Tilføj Tag
Ingen Tags, Vær først til at tagge denne postø!
Thư viện lưu trữ: Trung tâm Học liệu Lê Vũ Hùng, Trường Đại học Đồng Tháp
LEADER 01247ppm a22002778a 4500
001 00030910
005 20171026081023.0
008 130819s2008 ||||||viesd
041 0 # |a vie 
082 1 4 |b M458S  |a 515 
100 1 # |a Đặng, Văn Nâu 
245 0 0 |a Một số vấn đề về tính ổn định và bị chặn của nghiệm phương trình vi phân tuyến tính trong không gian banach  |b Luận văn thạc sĩ toán học. Chuyên ngành: Toán giải tích. Mã số: 60.46.01  |c Đặng Văn Nâu; Phạm Ngọc Bội (hướng dẫn) 
260 # # |a Vinh  |b Đại học Vinh  |c 2008 
300 # # |a 54 tr.  |c 30cm.  |e bản tóm tắt 
500 # # |a ĐTTTS ghi: Bộ giáo dục và đào tạo. Trường Đại học Vinh 
653 # # |a Luận văn 
653 # # |a phương trình vi phân  |a vi phân tuyến tính  |a không gian banach 
653 # # |a Toán giải tích 
653 # # |a Môn toán 
700 1 # |a Phan, Ngọc Bội  |e Hướng dẫn 
852 # # |b Kho đọc SĐH  |j LV.0000446 
852 # # |j LV.0000446 
910 |d 19/08/2013 
980 # # |a Trung tâm Học liệu Lê Vũ Hùng, Trường Đại học Đồng Tháp